| 000 | 02212cam a2200349 a 4500 | ||
|---|---|---|---|
| 003 | EG-GiCUC | ||
| 005 | 20250223032046.0 | ||
| 008 | 180920s2018 ua dh f m 000 0 eng d | ||
| 040 |
_aEG-GiCUC _beng _cEG-GiCUC |
||
| 041 | 0 | _aeng | |
| 049 | _aDeposite | ||
| 097 | _aPh.D | ||
| 099 | _aCai01.11.25.Ph.D.2018.Sh.C | ||
| 100 | 0 | _aShawkat Ghazal Hafez Hassan | |
| 245 | 1 | 0 |
_aComparative study of fixation of proximal humerus fracture by plate versus by plate with long head of biceps tenodesis / _cShawkat Ghazal Hafez Hassan ; Supervised Hazem Mohamed Aboulelfadl , Ashraf Moharram , Walid Reda Mohamed |
| 246 | 1 | 5 | _aدراسة مقارنة تثبيت كسر اعلى عظمة العضد بشريحة مقارنة بتثبيتها بشريحة مع نقل الراس الطويلة للعضلة القابضة للمرفق |
| 260 |
_aCairo : _bShawkat Ghazal Hafez Hassan , _c2018 |
||
| 300 |
_a104 P. : _bcharts , facsimiles ; _c25cm |
||
| 502 | _aThesis (Ph.D.) - Cairo University - Faculty of Medicine - Department of Orthopaedic Surgery | ||
| 520 | _aIn this study all 20 shoulders were treated with this biceps tenodesis with fixation have very good results, patient satisfaction is encouraging to continue this method of treatment. It is less complications and earl The average follow up period was 16months, the longer period of follow up allows good rehabilitation and better function of the shoulder joint and give good period to do comparison between the two groups of this study recovery of the patient activity day living, The average follow up period was 16months, the longer period of follow up allows good rehabilitation and better function of the shoulder joint and give good period to do comparison between the two groups of this study | ||
| 530 | _aIssued also as CD | ||
| 653 | 4 | _aBiceps tenodesis | |
| 653 | 4 | _aFixation humerus fracture | |
| 653 | 4 | _aFixation of proximal humerus fracture | |
| 700 | 0 |
_aAshraf Moharram , _eSupervisor |
|
| 700 | 0 |
_aHazem Mohamed Aboulelfadl , _eSupervisor |
|
| 700 | 0 |
_aWalid Reda Mohamed , _eSupervisor |
|
| 856 | _uhttp://172.23.153.220/th.pdf | ||
| 905 |
_aNazla _eRevisor |
||
| 905 |
_aShimaa _eCataloger |
||
| 942 |
_2ddc _cTH |
||
| 999 |
_c67574 _d67574 |
||